<?xml version="1.0" encoding="UTF-8"?>
<record
    xmlns:xsi="http://www.w3.org/2001/XMLSchema-instance"
    xsi:schemaLocation="http://www.loc.gov/MARC21/slim http://www.loc.gov/standards/marcxml/schema/MARC21slim.xsd"
    xmlns="http://www.loc.gov/MARC21/slim">

  <leader>00999nam a2200241   4500</leader>
  <controlfield tag="005">20170810160653.0</controlfield>
  <datafield tag="010" ind1=" " ind2=" ">
    <subfield code="a">1617EN   ENG-117002</subfield>
  </datafield>
  <datafield tag="020" ind1=" " ind2=" ">
    <subfield code="a">9780198080992</subfield>
    <subfield code="c">575.00</subfield>
  </datafield>
  <datafield tag="035" ind1=" " ind2=" ">
    <subfield code="a">B-651311-319</subfield>
  </datafield>
  <datafield tag="035" ind1=" " ind2=" ">
    <subfield code="a">EN100534</subfield>
  </datafield>
  <datafield tag="035" ind1=" " ind2=" ">
    <subfield code="a">B-667818</subfield>
  </datafield>
  <datafield tag="037" ind1=" " ind2=" ">
    <subfield code="b">Pragati</subfield>
    <subfield code="a">dpl</subfield>
  </datafield>
  <datafield tag="037" ind1=" " ind2=" ">
    <subfield code="b">DBAD/PUB</subfield>
  </datafield>
  <datafield tag="082" ind1=" " ind2=" ">
    <subfield code="a">658.4038</subfield>
  </datafield>
  <datafield tag="100" ind1=" " ind2=" ">
    <subfield code="a">Joshi, Girdhar </subfield>
  </datafield>
  <datafield tag="245" ind1=" " ind2=" ">
    <subfield code="a">Management information systems  /</subfield>
    <subfield code="c">by Girdhar Joshi</subfield>
  </datafield>
  <datafield tag="260" ind1=" " ind2=" ">
    <subfield code="c">2016 (rpt)</subfield>
    <subfield code="a">New Delhi</subfield>
    <subfield code="b">Oxford University Press</subfield>
  </datafield>
  <datafield tag="270" ind1=" " ind2=" ">
    <subfield code="a">YMCA Library Building, 1, Jai Singh Road, </subfield>
    <subfield code="b">New Delhi</subfield>
    <subfield code="e">110001.</subfield>
  </datafield>
  <datafield tag="300" ind1=" " ind2=" ">
    <subfield code="c">24cm(pbk)</subfield>
    <subfield code="a">xx, 503 p.</subfield>
    <subfield code="b"> illus.</subfield>
  </datafield>
  <datafield tag="942" ind1=" " ind2=" ">
    <subfield code="c">EN</subfield>
    <subfield code="2">ddc</subfield>
    <subfield code="h">658.4038</subfield>
    <subfield code="m">JOS</subfield>
  </datafield>
  <datafield tag="999" ind1=" " ind2=" ">
    <subfield code="c">101919</subfield>
    <subfield code="d">101919</subfield>
  </datafield>
  <datafield tag="952" ind1=" " ind2=" ">
    <subfield code="0">0</subfield>
    <subfield code="1">0</subfield>
    <subfield code="4">0</subfield>
    <subfield code="7">0</subfield>
    <subfield code="8">NFIC</subfield>
    <subfield code="a">BL1</subfield>
    <subfield code="b">BL1</subfield>
    <subfield code="d">2017-01-03</subfield>
    <subfield code="e">DBAD/PUB</subfield>
    <subfield code="g">575.00</subfield>
    <subfield code="l">0</subfield>
    <subfield code="o">658.4038 JOS</subfield>
    <subfield code="p">EN-100534</subfield>
    <subfield code="r">2017-01-03 00:00:00</subfield>
    <subfield code="t">1</subfield>
    <subfield code="v">575.00</subfield>
    <subfield code="y">EN</subfield>
  </datafield>
  <datafield tag="952" ind1=" " ind2=" ">
    <subfield code="0">0</subfield>
    <subfield code="1">0</subfield>
    <subfield code="4">0</subfield>
    <subfield code="7">0</subfield>
    <subfield code="8">NFIC</subfield>
    <subfield code="a">L</subfield>
    <subfield code="b">L</subfield>
    <subfield code="d">2017-02-07</subfield>
    <subfield code="e">BPPD/EN/2016-17/300/24.11.2016/IN339/2.12.2016/4.1.2017</subfield>
    <subfield code="g">575.00</subfield>
    <subfield code="l">3</subfield>
    <subfield code="m">1</subfield>
    <subfield code="o">658.4038 JOS</subfield>
    <subfield code="p">B-651311</subfield>
    <subfield code="r">2018-09-08 00:00:00</subfield>
    <subfield code="s">2018-08-26</subfield>
    <subfield code="t">1</subfield>
    <subfield code="v">575.00</subfield>
    <subfield code="y">EN</subfield>
  </datafield>
  <datafield tag="952" ind1=" " ind2=" ">
    <subfield code="0">0</subfield>
    <subfield code="1">0</subfield>
    <subfield code="4">0</subfield>
    <subfield code="7">0</subfield>
    <subfield code="8">NFIC</subfield>
    <subfield code="a">NPL</subfield>
    <subfield code="b">NPL</subfield>
    <subfield code="d">2017-02-07</subfield>
    <subfield code="e">BPPD/EN/2016-17/300/24.11.2016/IN339/2.12.2016/4.1.2017</subfield>
    <subfield code="g">575.00</subfield>
    <subfield code="l">0</subfield>
    <subfield code="o">658.4038 JOS</subfield>
    <subfield code="p">B-651312</subfield>
    <subfield code="r">2017-02-07 00:00:00</subfield>
    <subfield code="t">1</subfield>
    <subfield code="v">575.00</subfield>
    <subfield code="y">EN</subfield>
  </datafield>
  <datafield tag="952" ind1=" " ind2=" ">
    <subfield code="0">0</subfield>
    <subfield code="1">0</subfield>
    <subfield code="4">0</subfield>
    <subfield code="7">0</subfield>
    <subfield code="8">NFIC</subfield>
    <subfield code="a">BL1</subfield>
    <subfield code="b">BL1</subfield>
    <subfield code="d">2017-02-07</subfield>
    <subfield code="e">BPPD/EN/2016-17/300/24.11.2016/IN339/2.12.2016/4.1.2017</subfield>
    <subfield code="g">575.00</subfield>
    <subfield code="l">0</subfield>
    <subfield code="o">658.4038 JOS</subfield>
    <subfield code="p">B-651313</subfield>
    <subfield code="r">2017-02-07 00:00:00</subfield>
    <subfield code="t">1</subfield>
    <subfield code="v">575.00</subfield>
    <subfield code="y">EN</subfield>
  </datafield>
  <datafield tag="952" ind1=" " ind2=" ">
    <subfield code="0">0</subfield>
    <subfield code="1">0</subfield>
    <subfield code="4">0</subfield>
    <subfield code="7">0</subfield>
    <subfield code="8">NFIC</subfield>
    <subfield code="a">JP</subfield>
    <subfield code="b">JP</subfield>
    <subfield code="d">2017-02-07</subfield>
    <subfield code="e">BPPD/EN/2016-17/300/24.11.2016/IN339/2.12.2016/4.1.2017</subfield>
    <subfield code="g">575.00</subfield>
    <subfield code="l">1</subfield>
    <subfield code="o">658.4038 JOS</subfield>
    <subfield code="p">B-651314</subfield>
    <subfield code="r">2019-03-16 00:00:00</subfield>
    <subfield code="s">2019-03-01</subfield>
    <subfield code="t">1</subfield>
    <subfield code="v">575.00</subfield>
    <subfield code="y">EN</subfield>
  </datafield>
  <datafield tag="952" ind1=" " ind2=" ">
    <subfield code="0">0</subfield>
    <subfield code="1">0</subfield>
    <subfield code="4">0</subfield>
    <subfield code="7">0</subfield>
    <subfield code="8">NFIC</subfield>
    <subfield code="a">ZLS</subfield>
    <subfield code="b">ZLS</subfield>
    <subfield code="d">2017-02-07</subfield>
    <subfield code="e">BPPD/EN/2016-17/300/24.11.2016/IN339/2.12.2016/4.1.2017</subfield>
    <subfield code="g">575.00</subfield>
    <subfield code="l">2</subfield>
    <subfield code="m">1</subfield>
    <subfield code="o">658.4038 JOS</subfield>
    <subfield code="p">B-651315</subfield>
    <subfield code="r">2018-12-28 00:00:00</subfield>
    <subfield code="s">2018-12-18</subfield>
    <subfield code="t">1</subfield>
    <subfield code="v">575.00</subfield>
    <subfield code="y">EN</subfield>
  </datafield>
  <datafield tag="952" ind1=" " ind2=" ">
    <subfield code="0">0</subfield>
    <subfield code="1">0</subfield>
    <subfield code="4">0</subfield>
    <subfield code="7">0</subfield>
    <subfield code="8">NFIC</subfield>
    <subfield code="a">BL3</subfield>
    <subfield code="b">BL3</subfield>
    <subfield code="d">2017-02-07</subfield>
    <subfield code="e">BPPD/EN/2016-17/300/24.11.2016/IN339/2.12.2016/4.1.2017</subfield>
    <subfield code="g">575.00</subfield>
    <subfield code="l">0</subfield>
    <subfield code="o">658.4038 JOS</subfield>
    <subfield code="p">B-651316</subfield>
    <subfield code="r">2017-02-07 00:00:00</subfield>
    <subfield code="t">1</subfield>
    <subfield code="v">575.00</subfield>
    <subfield code="y">EN</subfield>
  </datafield>
  <datafield tag="952" ind1=" " ind2=" ">
    <subfield code="0">0</subfield>
    <subfield code="1">0</subfield>
    <subfield code="4">0</subfield>
    <subfield code="7">0</subfield>
    <subfield code="8">NFIC</subfield>
    <subfield code="a">NR</subfield>
    <subfield code="b">NR</subfield>
    <subfield code="d">2017-02-07</subfield>
    <subfield code="e">BPPD/EN/2016-17/300/24.11.2016/IN339/2.12.2016/4.1.2017</subfield>
    <subfield code="g">575.00</subfield>
    <subfield code="l">0</subfield>
    <subfield code="o">658.4038 JOS</subfield>
    <subfield code="p">B-651317</subfield>
    <subfield code="r">2017-02-07 00:00:00</subfield>
    <subfield code="t">1</subfield>
    <subfield code="v">575.00</subfield>
    <subfield code="y">EN</subfield>
  </datafield>
  <datafield tag="952" ind1=" " ind2=" ">
    <subfield code="0">0</subfield>
    <subfield code="1">0</subfield>
    <subfield code="4">0</subfield>
    <subfield code="7">0</subfield>
    <subfield code="8">NFIC</subfield>
    <subfield code="a">BN</subfield>
    <subfield code="b">BN</subfield>
    <subfield code="d">2017-02-07</subfield>
    <subfield code="e">BPPD/EN/2016-17/300/24.11.2016/IN339/2.12.2016/4.1.2017</subfield>
    <subfield code="g">575.00</subfield>
    <subfield code="l">0</subfield>
    <subfield code="o">658.4038 JOS</subfield>
    <subfield code="p">B-651318</subfield>
    <subfield code="r">2017-02-07 00:00:00</subfield>
    <subfield code="t">1</subfield>
    <subfield code="v">575.00</subfield>
    <subfield code="y">EN</subfield>
  </datafield>
  <datafield tag="952" ind1=" " ind2=" ">
    <subfield code="0">0</subfield>
    <subfield code="1">0</subfield>
    <subfield code="4">0</subfield>
    <subfield code="7">0</subfield>
    <subfield code="8">NFIC</subfield>
    <subfield code="a">BL4</subfield>
    <subfield code="b">BL4</subfield>
    <subfield code="d">2017-02-07</subfield>
    <subfield code="e">BPPD/EN/2016-17/300/24.11.2016/IN339/2.12.2016/4.1.2017</subfield>
    <subfield code="g">575.00</subfield>
    <subfield code="l">0</subfield>
    <subfield code="o">658.4038 JOS</subfield>
    <subfield code="p">B-651319</subfield>
    <subfield code="r">2017-02-07 00:00:00</subfield>
    <subfield code="t">1</subfield>
    <subfield code="v">575.00</subfield>
    <subfield code="y">EN</subfield>
  </datafield>
  <datafield tag="952" ind1=" " ind2=" ">
    <subfield code="0">0</subfield>
    <subfield code="1">0</subfield>
    <subfield code="4">0</subfield>
    <subfield code="7">0</subfield>
    <subfield code="8">NFIC</subfield>
    <subfield code="a">AV</subfield>
    <subfield code="b">AV</subfield>
    <subfield code="d">2017-08-10</subfield>
    <subfield code="e">BPPD/EN/2016-17/300/24.11.2016/IN339/02.12.2016/4.01.17</subfield>
    <subfield code="g">575.00</subfield>
    <subfield code="l">4</subfield>
    <subfield code="m">4</subfield>
    <subfield code="o">658.4038 JOS</subfield>
    <subfield code="p">B-667818</subfield>
    <subfield code="r">2023-02-03 00:00:00</subfield>
    <subfield code="s">2023-01-17</subfield>
    <subfield code="t">1</subfield>
    <subfield code="v">575.00</subfield>
    <subfield code="w">2017-08-10</subfield>
    <subfield code="y">EN</subfield>
  </datafield>
</record>
